000 00936nas a2200313 4500
001 BR0809272
003 BR-BrBNA
005 20231205112703.0
007 ta
008 230509b bl.|||p| |||| 00| 00por d
040 _aBR-BrBNA
_bpor
_cBiblioteca Nacional de Agricultura
041 _a(Pt)
072 _aL02
100 1 _aBrum, M. da S.
100 1 _aQuadros, F.L.F. de
100 1 _aMartins, J.D.
100 1 _aRossi, G.E.
100 1 _aDaniel, E.
100 1 _aMaixner, A.R.
100 1 _aBandinelli, D.G.
245 1 _aSistemas de alimentação para a recria de ovinos a pasto: avaliação de desempenho animal e características da forragem
650 _aPASTAGEM
650 _aCORDEIRO
650 _aMILHETO
650 _aLEGUMINOSA
773 0 _tCiência Rural (Brazil)
_xISSN 0103-8478
_g(Jan-Feb 2008), v. 38(1) p. 191-198
_wBR0809272
909 _a202311
_bLúcia
_c55
_dLúcia Elande
942 _2AGRIS
_n0
_cANA
999 _c199376
_d199376